| 000 | 00974cab a2200277 4500 | ||
|---|---|---|---|
| 001 | ABS60688 | ||
| 008 | 090401t1999 xxu||||| |||| 00| 0 eng d | ||
| 035 | _a(Sirsi) u93536 | ||
| 041 | _aeng | ||
| 245 | _aFeudal system should go, says Scots Law Commission | ||
| 260 | _c1999 | ||
| 350 | _a0 | ||
| 490 |
_aRural Practice Bulletin _vMarch/April 1999, 34-35(2) |
||
| 520 | _aDiscusses the Scot Law Com No 168 report published by the Scottish Law Commission which recommends the abolition of the feudal system of land tenure, and to see it replaced by a system of simple ownership of land. Outlines its affect on real burdens, feuduty and compensation. | ||
| 650 | _aFEUDAL SYSTEM | ||
| 650 | _aFEUDUTY | ||
| 650 | _aLAND REFORM | ||
| 650 | _aLAND TENURE | ||
| 650 | _aREAL BURDENS | ||
| 650 | _aSCOT LAW COM NO 168 | ||
| 650 | _aSCOTLAND | ||
| 650 | _aSCOTTISH LAW COMMISSION | ||
| 690 | _aPROPERTY LAW AND PRACTICE | ||
| 942 | _n0 | ||
| 948 | _c24/05/1999 | ||
| 999 |
_c59274 _d59274 |
||